00446 2200181 4500245005800000020001400058250001100072100002000083700001400103650001800117650002100135005001900156260003500175041001400210084001000224300002100234336000900255 a21 Pilihan Kue Kering IstimewacBuyung AriputrahText a979236512 aCet. 1 aBuyung Ariputra aSumartini aResep Makanan aResep Kue Kering a20250317085123 aJakartabKompas Gramediac2016 aIndonesia a641.5 a49 hlm. :cilus. atext